La ciudad anárquica, Barcelona / (Record no. 98195)

MARC details
000 -LEADER
campo de control de longitud fija 00629nam a2200193 i 4500
001 - NÚMERO DE CONTROL
campo de control 98195
003 - IDENTIFICADOR DE NÚMERO DE CONTROL
campo de control ES-MaACL
005 - FECHA Y HORA DE LA ÚLTIMA TRANSACCIÓN
campo de control 20251015063110.0
007 - CAMPO FIJO DE DESCRIPCIÓN FÍSICA--INFORMACIÓN GENERAL
campo de control de longitud fija t|
008 - DATOS DE LONGITUD FIJA--INFORMACIÓN GENERAL
campo de control de longitud fija 050726q1910 sp |||| | spa d
100 1# - ENTRADA PRINCIPAL--NOMBRE DE PERSONA
Nombre de persona Marsillach, Adolfo,
Fechas asociadas al nombre 1868-1935
9 (RLIN) 151435
245 13 - MENCIÓN DEL TÍTULO
Título La ciudad anárquica, Barcelona /
Mención de responsabilidad, etc. Adolfo Marsillach.
260 ## - PUBLICACIÓN, DISTRIBUCIÓN, ETC.
Lugar de publicación, distribución, etc. Barcelona :
Nombre del editor, distribuidor, etc. F. Granada y Cª,
Fecha de publicación, distribución, etc. [1910?]
300 ## - DESCRIPCIÓN FÍSICA
Extensión 303 p. ;
Dimensiones 19 cm.
596 ## - NOTA AL PIE DE IMPRENTA
NOTA AL PIE DE IMPRENTA Al final del texto consta el año 1910.
651 #4 - PUNTO DE ACCESO ADICIONAL DE MATERIA--NOMBRE GEOGRÁFICO
Nombre geográfico Barcelona-
Subdivisión general Historia-
Subdivisión cronológica 1909, Semana trágica-
Subdivisión de forma Novelas.
9 (RLIN) 151436
852 ## - LOCALIZACIÓN
Ubicación ES-MaACL
Número de control de estantería D-3180
Nota libre . - hol.
Holdings
Estatus retirado Estado de pérdida Estado de daño No para préstamo Biblioteca de origen Biblioteca actual Ubicación en estantería Fecha de adquisición Fuente de adquisición Total de préstamos Signatura topográfica completa Código de barras Visto por última vez Precio de reemplazo Tipo de ítem Koha
        Biblioteca del Ateneo de Madrid Biblioteca del Ateneo de Madrid Sala Valle Inclán 17/01/2008     D-3180 901102506 23/02/2023 23/02/2023 Libro impreso